000 00279nam a22001337a 4500
008 170508b xxu||||| |||| 00| 0 eng d
020 _a9780735584792
041 _aeng
080 _27TH
_a34
100 _a15
101 _aSHJ
245 _aEVIDENCE
_cBEST, A
942 _2udc
_cBK
999 _c12977
_d12977